LDR 00682naa#a2200181#i#450# 001 EN\\bibl\19472 005 20260516050148.6 100 ## _a20260515b2026####ek#y0engy0150####ca 102 ## _aRU 200 1# _aSUCCESSIONAL DYNAMICS OF FLOODPLAIN FORESTS DOMINATED BY ACER NEGUNDO _eConference article/thesis 210 1# _aVoronezh _cFSBE Institution of Higher Education Voronezh State University of Forestry and Technologies named after G.F. Morozov _d2026 215 ## _a6 с. 608 ## _aConference article/thesis _2local 675 ## _aВлияние растений. 58.072 _z 700 #1 _aKirik _gA. I. 700 #1 _aPopova _gValentina Trofimovna 700 #1 _aParahnevich _gT. M. 856 4# _abibl.vgltu.ru _u